000 00877cas a22002777a 4500
005 20220329142026.0
008 990311d us mr pernn 0 a0b1eng d
010 _a77247
011 _a78219
035 _a88085
245 0 0 _aAmerican Lumberman and Building Products Merchandiser
260 0 _aChicago, Ill. :
_bVance Publishing Corp.,
_c19--
300 _av.
310 _aMensual
362 1 _an.3715,1960.
500 _aSe dejó de recibir a partir del n.3715,1960
590 _aBATCH-UPD
_b10
_c20130110
_lUCH01
_h2354
590 _aBATCH-UPD
_b10
_c20130410
_lUCH01
_h1640
590 _aBATCH-UPD
_b10
_c20130914
_lUCH01
_h1739
590 _aCONVERSION
_b10
_c20130109
_lUCH01
_h1343
650 1 4 _aMadera
_xPublicaciones periódicas.
_969622
866 _an.3690-3691 (1960)
866 _an.3693-3715 (1960)
901 _aSE
905 _aMarco A. Mendoza T.
999 _c77247
_d77247